00349nam a2200145Ia 4500008004100000020001500041082001500056100001500071245003700086250000800123260002500131300001100156500002400167650001200191230524s9999 xx 000 0 und d a8120308689 a4.133bKOS aBart Kosko 0aNeural Networks and Fuzzy System a1ST aNEW DELHIbPHIc2005 aXV;425 aQuantity Number: 2 aComp-Sc